[Event "AUTO-ADV-4639"]
[Site "http://www.queenalice.com/game.php?id=1802867"]
[Date "2022.12.29"]
[Round "2"]
[White "jcharro1979"]
[Black "ARRMA"]
[Result "1-0"]
[WhiteElo "2208"]
[BlackElo "2105"]

1. e4 c5 2. Nf3 Nc6 3. d4 cxd4 4. Nxd4 g6 5. Nc3 Bg7 6. Be3 Nf6 7. Nxc6 bxc6 8.
e5 Ng8 9. f4 f6 10. f5 fxe5 11. fxg6 hxg6 12. Qg4 d5 13. Qxg6+ Kf8 14. Qxc6 Bf5
15. Qxd5 Qxd5 16. Nxd5 Bxc2 17. b3 Be4 18. Nc7 Rc8 19. Ne6+ Kf7 20. Ng5+ Kf8 21.
Nxe4 Rh4 22. Bd3 Nf6 23. O-O Kg8 24. Nxf6+ exf6 25. Bxa7 Kf7 26. Rac1 1-0

[Event "AUTO-INT-3757"]
[Site "http://www.queenalice.com/game.php?id=1805839"]
[Date "2023.2.11"]
[Round "2"]
[White "mikex"]
[Black "ARRMA"]
[Result "1-0"]
[WhiteElo "2337"]
[BlackElo "2092"]

1. e4 c5 2. Nf3 Nc6 3. Bb5 Nd4 4. Nxd4 cxd4 5. c3 a6 6. Ba4 b5 7. Bc2 d5 8. cxd4
dxe4 9. Bxe4 Rb8 10. d3 e6 11. a4 Bb4+ 12. Nc3 Qxd4 13. axb5 axb5 14. Be3 Bxc3+
15. bxc3 Qxc3+ 16. Bd2 Qf6 17. Bc6+ Bd7 18. Bxd7+ Kxd7 19. Ra7+ Ke8 20. Qh5 Nh6
21. Qc5 Ng4 22. Qc6+ Kf8 23. Qd6+ 1-0

[Event "AUTO-INT-3757"]
[Site "http://www.queenalice.com/game.php?id=1805840"]
[Date "2023.2.11"]
[Round "2"]
[White "ARRMA"]
[Black "mikex"]
[Result "0-1"]
[WhiteElo "1881"]
[BlackElo "2377"]

1. c4 e5 2. Nc3 Nf6 3. d3 d5 4. cxd5 Nxd5 5. Nf3 Nc6 6. Bd2 Be7 7. g3 Be6 8. Bg2
O-O 9. O-O Qd7 10. Rc1 f6 11. a3 Rfd8 12. Qa4 Nxc3 13. Bxc3 Nd4 14. Qxd7 Nxe2+
15. Kh1 Rxd7 16. Rc2 Nxc3 17. Rxc3 Rad8 18. Rfc1 c5 19. Ne1 g5 20. Kg1 Kf7 21.
h3 h5 22. Bf1 b6 23. Nc2 f5 24. Ne3 Bf6 25. R3c2 f4 26. Nc4 Bf5 27. Re2 Ke6 0-1

[Event "AUTO-INT-3760"]
[Site "http://www.queenalice.com/game.php?id=1807564"]
[Date "2023.3.9"]
[Round "2"]
[White "ARRMA"]
[Black "ungern"]
[Result "0-1"]
[WhiteElo "1902"]
[BlackElo "1768"]

1. c4 e5 2. Nc3 d6 3. g3 Nf6 4. Bg2 Be7 5. d3 O-O 6. Nf3 Bd7 7. Nxe5 dxe5 8.
Bxb7 Nc6 9. Bxa8 Qxa8 10. O-O Qb8 11. Rb1 a6 12. Bg5 Qa7 13. a3 Ne8 14. Bxe7
Nxe7 15. b4 c6 16. Ne4 Bf5 17. Nc5 Qa8 18. Qa4 Nc7 19. Rbd1 Rd8 20. e4 Bd7 21.
f4 exf4 22. Rxf4 f6 23. d4 Rf8 24. Nxd7 Rd8 25. Nc5 Ng6 26. Rf2 Ne7 27. Qb3 Kf8
28. e5 Ke8 29. exf6 gxf6 30. Rxf6 Qc8 31. Qf3 Ne6 32. Qh5+ Ng6 33. Rxe6+ Kf7 34.
Qf3+ Kg7 35. Qf6+ Kh6 36. Rxc6 Qg4 37. Qf4+ Qxf4 38. gxf4 Kh5 39. Ne6 Ra8 40.
Rd3 Rg8 41. Rg3 Ne7 42. Rc5+ Kh6 43. Ng5 Ng6 44. Ne6 Re8 45. Rh3+ Nh4 46. Rxh4+
Kg6 47. Rg5+ Kf6 0-1

[Event "AUTO-INT-3760"]
[Site "http://www.queenalice.com/game.php?id=1807565"]
[Date "2023.3.9"]
[Round "2"]
[White "ungern"]
[Black "ARRMA"]
[Result "0-1"]
[WhiteElo "1771"]
[BlackElo "2084"]

1. e4 c5 2. d3 Nc6 3. Nc3 g6 4. Be3 Nd4 5. Bxd4 cxd4 6. Nd5 e6 7. Nf4 Bg7 8. Qd2
Bh6 9. g3 e5 10. Qb4 exf4 11. Qxd4 Qf6 12. Qxf6 Nxf6 13. gxf4 Bxf4 14. Nf3 O-O
15. Bh3 d6 16. Rg1 Bxh3 17. b3 Rfe8 18. a4 Nxe4 19. dxe4 Rxe4+ 20. Kd1 Bh6 21.
Re1 Rae8 22. Rxe4 Rxe4 23. Ng1 Bf5 24. c4 Bg7 25. Ra2 Bc3 26. Re2 Rxe2 27. Kxe2
Bc2 28. Nf3 Bxb3 29. Nd2 Bxd2 30. Kxd2 Bxc4 31. a5 b6 32. Kc3 d5 33. axb6 axb6
34. Kd4 b5 35. Kc3 h5 0-1

[Event "AUTO-ADV-4651"]
[Site "http://www.queenalice.com/game.php?id=1811954"]
[Date "2023.5.14"]
[Round "2"]
[White "ARRMA"]
[Black "daddyrat"]
[Result "0-1"]
[WhiteElo "2002"]
[BlackElo "1837"]

1. c4 e5 2. Nc3 Nf6 3. g3 d5 4. cxd5 Nxd5 5. Bg2 Be6 6. Nf3 Nxc3 7. bxc3 Bd5 8.
O-O Bd6 9. d3 h6 10. c4 Bc6 11. a4 Na6 12. Ba3 O-O 13. a5 Qf6 14. Qc2 b6 15.
axb6 axb6 16. Bb2 Nb4 17. Qd2 Bb7 18. Rxa8 Bxa8 19. Bxe5 Bxe5 20. Nxe5 Qxe5 21.
Qxb4 Bxg2 0-1

[Event "AUTO-ADV-4651"]
[Site "http://www.queenalice.com/game.php?id=1811955"]
[Date "2023.5.14"]
[Round "2"]
[White "daddyrat"]
[Black "ARRMA"]
[Result "1-0"]
[WhiteElo "1860"]
[BlackElo "1979"]

1. Nf3 c5 2. d4 cxd4 3. Qxd4 Nc6 4. Qa4 d5 5. e3 Bd7 6. Bb5 e5 7. a3 a6 8. Bxc6
Bxc6 9. Qg4 h5 10. Qg5 Qxg5 11. Nxg5 Nf6 12. O-O Be7 13. Nd2 Bb5 14. Re1 O-O 15.
h3 Nd7 16. Ngf3 f5 17. a4 Bc6 18. c3 g5 19. Nh2 g4 20. hxg4 hxg4 21. g3 1-0